Financial Accounting (Record no. 113579)

MARC details
000 -LEADER
fixed length control field 00335pam a2200145 a 4500
020 ## - INTERNATIONAL STANDARD BOOK NUMBER
Terms of availability
041 ## - LANGUAGE CODE
Language code of original
082 ## - DEWEY DECIMAL CLASSIFICATION NUMBER
Classification number 658.14999999999998
Item number REY
100 ## - MAIN ENTRY--PERSONAL NAME
Personal name Reynolds, I.N.
245 ## - TITLE STATEMENT
Title Financial Accounting
Medium Textual Documents
260 ## - PUBLICATION, DISTRIBUTION, ETC.
Place of publication, distribution, etc. Hinsdale
Name of publisher, distributor, etc. The Dryden Press
300 ## - PHYSICAL DESCRIPTION
Extent 790/PB
700 ## - ADDED ENTRY--PERSONAL NAME
Personal name Hillman, A.D.
930 ## - EQUIVALENCE OR CROSS-REFERENCE-UNIFORM TITLE HEADING [LOCAL, CANADA]
Uniform title 6751
Holdings
Withdrawn status Lost status Damaged status Not for loan Collection Home library Current library Shelving location Date acquired Source of acquisition Cost, normal purchase price Total Checkouts Full call number Barcode Date last seen Copy number Price effective from Koha item type
  Missing       Abhijit Kadam Institute of Management & Social Science, Solapur Abhijit Kadam Institute of Management & Social Science, Solapur Missing 01/06/1989 Ratnakar Book Stall 325.95   658.14999999999998 REY AKS-M-01950 01/03/2023 1 01/03/2023 Book